| 000 | 00858nam a22001817a 4500 | ||
|---|---|---|---|
| 003 | AM-YeHGA | ||
| 040 | _aAM-YeHGA | ||
| 090 | _c432535 | ||
| 005 | 20250617155304.0 | ||
| 008 | 190416s ||||| |||| 00| 0 rus d | ||
| 041 | 0 | _arus | |
| 111 | 2 |
_a(Съезд русских естествоиспытателей и врачей _c(Петербург; _d1889-1890; _n8) |
|
| 245 | 1 | 0 |
_aСправочная книжка для членов VIII Съезда русских естествоиспытателей и врачей в С.-Петербурге : _b 28 декабря 1889 г. - 7 января 1890 г. / |
| 260 |
_aСанкт-Петербург : _bтип. Е. Евдокимова, _c1889. |
||
| 300 |
_a140 с. _bтабл. |
||
| 653 | 0 | _aСъезд русских естествоиспытателей и врачей | |
| 942 |
_2udc _cBK |
||
| 999 |
_c429984 _d429984 |
||